logo

Bir Sreshtho Munshi Abdur Rouf Library
Jhenaidah Cadet College

এই শুভ! এই / (Record no. 920)

MARC details
000 -LEADER
fixed length control field 00622nam a2200205 a 4500
001 - CONTROL NUMBER
JCCL Control Number 920
003 - CONTROL NUMBER IDENTIFIER
JCCL marc code BD-JhCC
005 - DATE AND TIME OF LATEST TRANSACTION
control field 20230208134023.0
008 - FIXED-LENGTH DATA ELEMENTS--GENERAL INFORMATION
fixed length control field 171011s2003 bg |||| |||| 000 0 ben d
035 ## - SYSTEM CONTROL NUMBER
system control number (BD-JhCC) 920
040 ## - CATALOGING SOURCE
Original cataloging agency BD-JhCC
Modifying agency BD-JhCC
041 ## - LANGUAGE CODE
Language code of Book ben
082 ## - DEWEY DECIMAL CLASSIFICATION NUMBER
Classification number 891.443
Author mark and Year AHA 2003
100 ## - MAIN ENTRY--PERSONAL NAME
Personal name আহমেদ, হুমায়ূন
245 ## - TITLE STATEMENT
Title এই শুভ! এই /
Statement of responsibility, etc হুমায়ূন আহমেদ
260 ## - PUBLICATION, DISTRIBUTION, ETC. (IMPRINT)
Place of publication, distribution, etc ঢাকা:
Name of publisher, distributor, etc অন্যপ্রকাশ,
Date of publication, distribution, etc ২০০৩
300 ## - PHYSICAL DESCRIPTION
Pagination ১১২ পৃ.;
Dimensions ২২ সে.মি.
650 ## - SUBJECT ADDED ENTRY--TOPICAL TERM
Topical term or geographic name as entry element Bengali Novel
942 ## - ADDED ENTRY ELEMENTS (KOHA)
Source of classification or shelving scheme Dewey Decimal Classification
Koha item type Books
Koha issues (borrowed), all copies 10
Holdings
Source of classification or shelving scheme Damaged status Not for loan Home library Current library Shelving location Date of accession Source of acquisition Cost, normal purchase price Total Checkouts Full call number Barcode Checked out Date last seen Date checked out Copy number Koha item type
Dewey Decimal Classification     JCC Rouf Library JCC Rouf Library General Stacks 10/11/2017 IPDC 0.00 26 891.443 AHA 2003 1633 02/18/2026 01/25/2026 01/25/2026 C-1 Books

JCC Library | Contacts | JCC Home

Last Update on 23 September 2017
Copyright @ 2017-2020 JCC Rouf Library
Rouf Library, Jhenidah Cadet College (JCC), Bangladesh